Topics in several particle dynamics /

Bibliographic Details
Main Author: Watson, Kenneth M.
Other Authors: Nuttall, J. (John), Chisholm, J. S. R. (John Stephen Roy)
Format: Book
Language:English
Published: San Francisco : Holden-Day, [1967]
Series:Holden-Day advanced physics monographs.
Subjects:

MARC

Tag First Indicator Second Indicator Subfields
LEADER 00000cam a2200000 4500
001 in00000307313
005 20210508063100.0
008 751017s1967 caua b 00010 eng
010 |a  67013836  
035 |a (OCoLC)01710986 
035 |9 ABH5737AM 
040 |a DLC  |c BKM  |d TXA  |d UtOrBLW 
049 |a TXAM  |c 1 [701492]  |c 2 [701493] 
050 0 0 |a QC721  |b .W32 
082 0 |a 539.75 
100 1 |a Watson, Kenneth M. 
245 1 0 |a Topics in several particle dynamics /  |c [by] K. M. Watson and J. Nuttall, with a chapter by J. S. R. Chisholm. 
264 1 |a San Francisco :  |b Holden-Day,  |c [1967] 
300 |a viii, 121 pages :  |b illustrations ;  |c 24 cm. 
336 |a text  |b txt  |2 rdacontent 
337 |a unmediated  |b n  |2 rdamedia 
338 |a volume  |b nc  |2 rdacarrier 
490 1 |a Holden-Day advanced physics monographs 
500 |a Based on a series of lectures delivered December, 1965, at Texas A and M University. 
504 |a Bibliographical footnotes. 
650 0 |a Particles (Nuclear physics) 
650 0 |a Particle dynamics. 
650 0 |a Quantum theory. 
700 1 |a Nuttall, J.  |q (John) 
700 1 |a Chisholm, J. S. R.  |q (John Stephen Roy) 
830 0 |a Holden-Day advanced physics monographs. 
999 |a MARS 
999 f f |s 8cbc6d57-e532-30c4-92a2-fade971fbd37  |i ef3b8dbb-e2c9-3e4b-b92c-a0bfacabbc27  |t 0 
952 f f |p ric  |a Texas A&M University  |b Rellis Campus  |c Joint Library Facility  |s JLF  |d Remote Storage  |t 0  |e QC721 .W32  |h Library of Congress classification  |i unmediated -- volume  |m A14804644560 
998 f f |a QC721 .W32  |t 0  |l Remote Storage